000 01195nam a2200277Ia 4500
001 20448
003 GE_BSU
008 181216s||||||||xx |||||||||||||| ||und||
020 _a9992954448
040 _cGE_BSU
080 _a811.353.1-8(075.3)
100 _aრამიშვილი, ვალერიან
245 _aქართული ენა : გრამატიკა, მართლწერა და მეტყველების განვითარება
245 _bმე-3 კლასის სახელმძღვანელო
245 _cრედ.: ლ. კვაჭაძე ; მხატვ.: მ. მორჩილაძე
250 _aმე-10 გამოც
260 _aთბილისი
260 _bგანათლება
260 _c2000
300 _a99გვ. : ილ. ; 19სმ.
541 _h4 ლ.
653 _aგრამატიკა, მართლწერა და მეტყველების განვითარება
653 _aმე-3 კლასის სახელმძღვანელო
653 _aქართული ენა
942 _cBK
999 _c53405
_d53405